Constructive conflict management between superiors and subordinates in companies in Singapore : a study on a sample of line-managers and subordinates from two hotels /
Saved in:
| Main Author: | |
|---|---|
| Format: | Thesis Book |
| Language: | English |
| Published: |
1984
|
| Subjects: | |
| Tags: |
Add Tag
No Tags, Be the first to tag this record!
|
| LEADER | 00999cam a2200277 a 4500 | ||
|---|---|---|---|
| 001 | u48794 | ||
| 003 | SIRSI | ||
| 008 | 860910s1984 si v 00 1 eng | ||
| 015 | |a X860000975 | ||
| 035 | |a AAF-2545 | ||
| 040 | |a UMM | ||
| 043 | |a a-si--- | ||
| 090 | |a HD42 |b Chi | ||
| 100 | 1 | 0 | |a Chia, Lai Cheng |
| 245 | 1 | 0 | |a Constructive conflict management between superiors and subordinates in companies in Singapore : |b a study on a sample of line-managers and subordinates from two hotels / |c by Chia Lai Cheng |
| 260 | |c 1984 | ||
| 300 | |a iv, 108 leaves : |b tables ; |c 30cm | ||
| 500 | |a Typescript | ||
| 502 | |a Dissertation (M.B.A.) -- National University of Singapore, 1984 | ||
| 504 | 0 | 0 | |a Bibliography: leaves 104-108 |
| 650 | 0 | |a Conflict management |z Singapore | |
| 650 | 0 | |a Organizational behavior. | |
| 650 | 0 | |a Hotels |v Guidebooks |x Personnel management. | |
| 948 | |a 16/03/1991 |b 27/02/1996 | ||
| 596 | |a 1 | ||
| 999 | |a HD42 CHI |w LC |c 1 |i A002812371 |d 3/5/2002 |l STACKS |m P01UTAMA |n 9 |r Y |s Y |t TESIS |u 30/12/1991 | ||
